000 00657cab a2200241 4500
001 WB2720-11
008 090401t1991 xxu||||| |||| 00| 0 eng d
035 _a(Sirsi) u7956
041 _aeng
245 _aWin-a-building raffle
260 _c1991
350 _a0
490 _aEstates Times
_vno 1096 17/5/91 p1
520 _aTwo businessmen have resorted to raffling their properties in an attempt to get good prices in the depressed market.
650 _aCHISWICK
650 _aCOMPETITIONS
650 _aRAFFLES
650 _aRAYLEIGH
650 _aRECESSION
690 _aPROPERTY-COMMERCIAL PROPERTY
942 _n0
948 _c04/03/1997
999 _c4844
_d4844